[Event "Challenge"]
[Site "http://www.queenalice.com/game.php?id=559129"]
[Date "2009.3.20"]
[Round "-"]
[White "david_kasparov"]
[Black "arthurto28"]
[Result "1-0"]
[WhiteElo "1403"]
[BlackElo "1078"]

1. e4 e6 2. Nf3 Nf6 3. Nc3 Bc5 4. Be2 d6 5. O-O a6 6. e5 dxe5 7. Nxe5 O-O 8. Nd3
Nfd7 9. Nxc5 Nxc5 10. Re1 e5 11. d3 f6 12. h3 a5 13. Bf3 Bd7 14. Be3 b6 15. Bxa8
c6 16. d4 exd4 17. Bxd4 Nba6 18. Be3 Qxa8 19. Qd6 Ne6 20. Qxd7 Nb4 21. Qxe6+ 1-0

[Event "Challenge"]
[Site "http://www.queenalice.com/game.php?id=564221"]
[Date "2009.3.30"]
[Round "-"]
[White "Kuroi"]
[Black "arthurto28"]
[Result "1-0"]
[WhiteElo "1641"]
[BlackElo "1084"]

1. e4 Nf6 2. Nc3 e5 3. Nf3 Bc5 4. Nxe5 Bd6 5. Nc4 b5 6. Nxd6+ cxd6 7. Nxb5 a6 8.
Nxd6+ Ke7 9. e5 Qc7 10. Nf5+ Kf8 11. exf6 gxf6 12. Qf3 Nc6 13. Qh5 d6 14. Qh6+
Kg8 15. Qg7# 1-0

[Event "Challenge"]
[Site "http://www.queenalice.com/game.php?id=564222"]
[Date "2009.3.30"]
[Round "-"]
[White "arthurto28"]
[Black "Kuroi"]
[Result "0-1"]
[WhiteElo "1082"]
[BlackElo "1643"]

1. Nf3 d5 2. e3 Nf6 3. Bb5+ c6 4. Ba4 Bg4 5. h3 Bxf3 6. Qxf3 e6 7. Nc3 Bb4 8. b3
Bxc3 9. dxc3 b5 10. Qg3 g6 11. Bxb5 cxb5 12. c4 Ne4 13. Qe5 Qa5+ 14. Ke2 Nc3+
15. Kf3 Nd7 16. Qxh8+ Nf8 17. Bd2 bxc4 18. Bxc3 Qc7 19. Bb4 O-O-O 20. Qf6 Nd7
21. Qxf7 Ne5+ 22. Kf4 Nxf7+ 23. Kf3 Ng5+ 24. Kg4 Qe5 25. f4 Qf5+ 26. Kg3 Ne4+
27. Kh2 Nf2 28. g4 Qxc2 29. Rhc1 Nxg4+ 30. Kg3 Qf5 31. bxc4 h5 32. hxg4 Qxg4+
33. Kf2 d4 34. Rg1 dxe3+ 35. Kxe3 Qh3+ 36. Ke4 Qd3+ 37. Ke5 Qf5# 0-1

[Event "Challenge"]
[Site "http://www.queenalice.com/game.php?id=585325"]
[Date "2009.5.8"]
[Round "-"]
[White "Cleopatra"]
[Black "arthurto28"]
[Result "1-0"]
[WhiteElo "1532"]
[BlackElo "1073"]

1. e4 e6 2. d4 Nf6 3. Bg5 c6 4. e5 h6 5. Bh4 g5 6. exf6 gxh4 7. Qf3 Bb4+ 8. c3
Bd6 9. Nd2 Qb6 10. Nc4 Qc7 11. Nxd6+ Qxd6 12. Qg4 Rf8 13. Qxh4 Qd5 14. Qxh6 Qe4+
15. Qe3 Qh4 16. Qf3 Qh6 17. Bd3 Kd8 18. Nh3 Rg8 19. g4 d5 20. Rg1 e5 21. g5 Qh8
22. Bf5 e4 23. Qg4 Bd7 24. Bxd7 Nxd7 25. O-O-O a5 26. Nf4 Kc7 27. Qg3 b5 28.
Ng6+ Kb7 29. Nxh8 Rxh8 30. Rg2 a4 31. Qd6 Rad8 32. Qe7 c5 33. dxc5 Ka6 34. Rxd5
Kb7 35. Rxd7+ Kc6 36. Qd6# 1-0

[Event "Challenge"]
[Site "http://www.queenalice.com/game.php?id=593052"]
[Date "2009.5.24"]
[Round "-"]
[White "mhr1989"]
[Black "arthurto28"]
[Result "0-1"]
[WhiteElo "1098"]
[BlackElo "1143"]

1. e4 e6 2. Nf3 Nf6 3. Nc3 d5 4. d3 d4 5. Nb5 e5 6. Bg5 h6 7. Bxf6 gxf6 8. Be2
c6 9. Na3 Bxa3 10. bxa3 Qd6 11. Qc1 Nd7 12. O-O Nb6 13. Qb2 O-O 14. Rab1 Na4 15.
Qb4 Nc5 16. h3 a5 17. Qb6 Na4 18. Qb3 b5 19. Nh4 Nc5 20. Qb2 a4 0-1

[Event "1ª etapa"]
[Site "http://www.queenalice.com/game.php?id=594313"]
[Date "2009.5.27"]
[Round "-"]
[White "carloskasparov"]
[Black "arthurto28"]
[Result "0-1"]
[WhiteElo "1261"]
[BlackElo "1102"]

1. e4 e5 2. Bc4 d6 3. d3 Be6 4. Nd2 Nf6 5. Bb5+ c6 6. Bc4 d5 7. exd5 Bxd5 8. f3
e4 9. Qe2 b5 10. Nb3 bxc4 11. Nd4 Qa5+ 12. Bd2 c3 13. Bxc3 Qb6 14. Nh3 c5 15.
Nf5 c4 16. Bd4 Qb4+ 0-1

[Event "Challenge"]
[Site "http://www.queenalice.com/game.php?id=595290"]
[Date "2009.5.29"]
[Round "-"]
[White "kly"]
[Black "arthurto28"]
[Result "0-1"]
[WhiteElo "1206"]
[BlackElo "1124"]

1. d4 e6 2. e4 d5 3. f3 c6 4. c3 Qh4+ 5. g3 Qf6 6. Nh3 g5 7. Bxg5 Qg6 8. Nd2 f6
9. Bf4 e5 10. dxe5 dxe4 11. fxe4 Bc5 12. Qc2 Bg4 13. b4 Bb6 14. a4 a5 15. Rb1
Na6 16. Nc4 Bc7 17. Nxa5 O-O-O 18. Bxa6 bxa6 19. Nf2 Bh5 20. Nxc6 Re8 21. O-O f5
22. b5 fxe4 23. Nxe4 axb5 24. axb5 Bb6+ 25. Kh1 Bg4 26. Kg2 Rf8 27. Qa4 Kc7 28.
h3 Be2 29. Rfe1 Bd3 30. Rb4 h5 31. Rd1 Be2 32. Rd2 Rxf4 33. Rxe2 h4 34. Rc4 Rxe4
35. Rcxe4 Qxg3+ 36. Kf1 Qg1# 0-1

[Event "Challenge"]
[Site "http://www.queenalice.com/game.php?id=596432"]
[Date "2009.6.1"]
[Round "-"]
[White "Padre_Amaro"]
[Black "arthurto28"]
[Result "1-0"]
[WhiteElo "1782"]
[BlackElo "1143"]

1. e4 e5 2. Nf3 d6 3. d4 c5 4. dxc5 Na6 5. Bxa6 bxa6 6. O-O Nf6 7. Nc3 Bg4 8.
Qd3 h5 9. Nd2 Nd7 10. cxd6 Qb8 11. Qxa6 Bxd6 12. Nc4 Bc5 13. a3 Be6 14. Ne3 O-O
15. Qe2 Nf6 16. b4 Bd4 17. Bd2 Rd8 18. Rab1 g5 19. Nf5 Rd7 20. Nxd4 Rxd4 21.
Bxg5 Nh7 22. Be3 f5 23. Bxd4 exd4 24. exf5 Bf7 25. Nd1 a5 26. c3 Qe8 27. Qxe8+
Rxe8 28. bxa5 d3 29. Ne3 Rc8 30. Rbc1 d2 31. Ra1 Rxc3 32. a6 Rc8 33. a4 Nf6 34.
h3 Ne4 35. a7 Nd6 36. Rfd1 Nc4 37. Nxc4 Bxc4 38. Rxd2 Kf7 39. Rd7+ Ke8 40. Rh7
Be2 41. Re1 Ra8 42. Rh8+ 1-0

[Event "Challenge"]
[Site "http://www.queenalice.com/game.php?id=598584"]
[Date "2009.6.4"]
[Round "-"]
[White "arthurto28"]
[Black "higorgomes"]
[Result "1-0"]
[WhiteElo "1073"]
[BlackElo "1045"]

1. d4 Nf6 2. Nc3 d5 3. b3 e6 4. e3 Ne4 5. Bb2 Bb4 6. Ne2 Qf6 7. f3 Ng5 8. f4 Ne4
9. Qd3 Qh4+ 10. g3 Qh5 11. Qb5+ Nd7 12. Qxb4 Qf3 13. O-O-O Qxh1 14. Ba3 c5 15.
dxc5 Nf2 16. c6 Nxd1 17. Qe7# 1-0

[Event "Challenge"]
[Site "http://www.queenalice.com/game.php?id=598585"]
[Date "2009.6.4"]
[Round "-"]
[White "higorgomes"]
[Black "arthurto28"]
[Result "0-1"]
[WhiteElo "1030"]
[BlackElo "1088"]

1. e4 e5 2. Nf3 Nc6 3. Bc4 Qe7 4. Ng1 d6 5. Qf3 Nd4 6. Qd3 b5 7. Bxb5+ Bd7 8.
Ba6 c5 9. Qc4 Qh4 10. Qd5 Nf6 11. Qxa8+ Ke7 12. Qxa7 Qg4 13. g3 Qxe4+ 14. Kf1
Qxh1 15. Bb7 e4 16. Nc3 Bh3+ 17. Ke1 Qxg1# 0-1

[Event "Renovação"]
[Site "http://www.queenalice.com/game.php?id=612163"]
[Date "2009.7.2"]
[Round "-"]
[White "carloskasparov"]
[Black "arthurto28"]
[Result "0-1"]
[WhiteElo "1258"]
[BlackElo "1225"]

1. c4 e5 2. Qa4 c6 3. e4 Na6 4. a3 Rb8 5. Qb3 Nc5 6. Qe3 d6 7. Nf3 Nh6 8. d4 Na4
9. Be2 Ng4 10. Qb3 b5 11. Qd3 Ba6 12. d5 c5 13. h3 bxc4 14. Qc2 Qd7 15. Qxc4
Bxc4 16. Bxc4 Nf6 17. Nc3 Nxc3 18. O-O Ncxe4 19. Bd3 c4 20. Bxc4 Qa4 21. Nd2
Nxd2 22. Bxd2 Qxc4 23. Rac1 Qxd5 24. Rc2 Ne4 25. Be3 Rb3 26. Rc8+ Kd7 27. Rfc1
Rc3 28. R8xc3 Nd2 29. Rc7+ Ke6 30. Rd1 Nf3+ 31. gxf3 Qxd1+ 32. Kg2 f5 33. Bxa7
g5 34. Rc4 Be7 35. Bb6 g4 36. fxg4 f4 37. Rc3 Rb8 38. Bc7 Rc8 39. a4 Qxa4 40. h4
Qe4+ 41. Kf1 Qh1+ 42. Ke2 f3+ 43. Kd2 e4 44. b4 d5 45. Rc6+ Kf7 46. Kc2 e3 47.
Kb3 exf2 48. Ka4 f1=Q 49. Ka5 Ra8+ 50. Kb6 Qa6# 0-1

[Event "Renovação 2º"]
[Site "http://www.queenalice.com/game.php?id=612164"]
[Date "2009.7.2"]
[Round "-"]
[White "arthurto28"]
[Black "carloskasparov"]
[Result "1-0"]
[WhiteElo "1153"]
[BlackElo "1245"]

1. e4 e5 2. Nf3 Nc6 3. Bb5 a6 4. Bxc6 bxc6 5. Nxe5 Qe7 6. Qh5 Nf6 7. Qf5 g6 8.
Qh3 Qxe5 9. f3 g5 10. Qf5 Bd6 11. O-O a5 12. Re1 Qd4+ 13. Re3 Bb7 14. e5 O-O-O
15. exd6 Rde8 16. Qd3 c5 17. Qc3 Nd5 18. Qxa5 Kd8 19. dxc7+ Kc8 20. c3 Qf6 21.
b4 g4 22. Qxc5 Nxc7 23. fxg4 Bc6 24. b5 Nxb5 25. a4 Rhg8 26. axb5 Rg5 27. Ra8+
Kc7 28. Ra7+ Kb8 29. Rxe8+ 1-0

[Event "123"]
[Site "http://www.queenalice.com/game.php?id=623917"]
[Date "2009.7.24"]
[Round "-"]
[White "rmartinez"]
[Black "arthurto28"]
[Result "0-1"]
[WhiteElo "1356"]
[BlackElo "1171"]

1. d4 d5 2. c4 dxc4 3. Nf3 Nc6 4. Nc3 Bf5 5. d5 Na5 6. Qa4+ c6 7. b4 b5 8. Qxa5
Qxa5 9. bxa5 e6 10. e4 b4 11. exf5 bxc3 12. dxe6 fxe6 13. fxe6 Nf6 14. Bxc4 h5
15. Nd4 c5 16. Nc6 c2 17. Kd2 Rc8 18. Ne5 Ne4+ 19. Ke3 Nd6 20. Bb3 Nf5+ 21. Kf4
Bd6 22. Re1 O-O 23. Kf3 h4 24. Bxc2 Nd4+ 25. Ke3 Nxc2+ 26. Ke4 Nxe1 27. Bg5 Nxg2
28. f4 g6 29. Nxg6 Rfe8 30. Kd5 Bb8 31. f5 h3 32. Ne7+ Rxe7 33. Bxe7 Ne3+ 34.
Ke4 Nc2 0-1

[Event "Challenge"]
[Site "http://www.queenalice.com/game.php?id=652997"]
[Date "2009.9.15"]
[Round "-"]
[White "paulofreitas"]
[Black "arthurto28"]
[Result "1-0"]
[WhiteElo "1586"]
[BlackElo "1155"]

1. e4 e5 2. Nf3 Bd6 3. d4 Ne7 4. dxe5 Bb4+ 5. c3 Ba5 6. Be3 d6 7. b4 Bb6 8. Be2
O-O 9. O-O Nd7 10. c4 dxe5 11. Nc3 f6 12. c5 c6 13. cxb6 Nxb6 14. a4 Be6 15.
Qxd8 Raxd8 16. a5 Nd7 17. b5 a6 18. bxa6 bxa6 19. Bxa6 c5 20. Bb7 Nb8 21. a6
Nbc6 22. Bxc5 Rd3 23. Nb5 Rb8 24. a7 Rxb7 25. a8=Q+ Nc8 26. Qxb7 Rd7 27. Qxc6
Ne7 28. Qxe6+ Kf8 29. Ra8+ Rd8 30. Rxd8# 1-0

[Event "Challenge"]
[Site "http://www.queenalice.com/game.php?id=653000"]
[Date "2009.9.15"]
[Round "-"]
[White "arthurto28"]
[Black "paulofreitas"]
[Result "0-1"]
[WhiteElo "1157"]
[BlackElo "1584"]

1. d4 d5 2. Nc3 Nf6 3. Be3 Nc6 4. Qd3 e5 5. dxe5 Nxe5 6. Qb5+ c6 7. Qa4 Bd7 8.
b4 b5 9. Qa6 Bxb4 10. f4 Nc4 11. Bd4 Bc8 12. Qxc6+ Bd7 13. Qb7 Rb8 14. Qxa7 Ra8
15. Qb7 Rb8 16. Bxf6 gxf6 17. Qxd5 Bxc3+ 18. Kf2 Bxa1 19. Qe4+ Qe7 20. Qd3 Qd6
21. Qb3 Rg8 22. e3 Qd2+ 23. Ne2 f5 24. Qb1 Bc3 25. g4 Qxe3+ 26. Kg2 Bc6# 0-1

[Event "Challenge"]
[Site "http://www.queenalice.com/game.php?id=660851"]
[Date "2009.9.30"]
[Round "-"]
[White "nadigo"]
[Black "arthurto28"]
[Result "0-1"]
[WhiteElo "1534"]
[BlackElo "1194"]

1. e4 Nf6 2. d3 e5 3. Nf3 Bb4+ 4. Bd2 Bc5 5. Nxe5 Bd4 6. Nf3 c5 7. Nxd4 cxd4 8.
c3 Nc6 9. cxd4 Nxd4 10. Be3 Nb5 11. d4 Nd6 12. e5 Nf5 13. exf6 Qxf6 14. Nc3 O-O
15. Nd5 Qd6 16. Bc4 b5 17. Bf4 Qe6+ 18. Qe2 Nxd4 19. Qxe6 fxe6 20. Ne7+ Kh8 21.
Nxc8 Raxc8 22. O-O Rxf4 23. Bxb5 Nxb5 24. Rad1 d5 25. g3 Rf3 26. Kg2 Rcf8 27. a4
Nd6 28. Rd2 g5 29. b4 g4 30. b5 a5 31. b6 Rb3 32. Re2 Ne4 33. h3 Ng5 34. hxg4
Rxb6 35. f4 Ne4 36. f5 e5 37. Rf3 d4 38. Rf4 exf4 39. Rxe4 Rb2+ 40. Kf3 d3 41.
Re1 Rd8 42. gxf4 d2 43. Rd1 Rb3+ 44. Ke2 Kg7 45. g5 h5 46. f6+ Kg6 47. Kf2 h4
48. Kg2 Rg3+ 49. Kh2 Kf5 50. f7 Rgd3 51. Kg2 h3+ 52. Kh2 Ke6 53. g6 Kf6 54. f5
Rf8 55. Kg1 Kg7 56. Kh2 Rh8 57. f6+ Kxg6 58. f8=Q Rxf8 59. f7 Rxf7 60. Rxd2
Rxd2+ 61. Kxh3 Ra2 62. Kg3 Rxa4 63. Kh3 Rh7+ 64. Kg3 Kg5 65. Kf3 Rh3+ 66. Kg2
Kg4 67. Kf2 Ra2+ 68. Kf1 Rh1# 0-1

[Event "Challenge"]
[Site "http://www.queenalice.com/game.php?id=660852"]
[Date "2009.9.30"]
[Round "-"]
[White "arthurto28"]
[Black "nadigo"]
[Result "0-1"]
[WhiteElo "1173"]
[BlackElo "1540"]

1. Nc3 e6 2. e4 e5 3. Nf3 Nc6 4. d3 Nf6 5. Bg5 Be7 6. Nd5 Nxd5 7. exd5 Nb8 8. h4
Bxg5 9. hxg5 d6 10. g6 fxg6 11. d4 c6 12. Ng5 Qxg5 13. dxc6 Nxc6 14. dxe5 Qxe5+
15. Be2 O-O 16. O-O Nd4 17. Re1 Nf5 18. Bc4+ Kh8 19. Rxe5 dxe5 20. g4 Ne7 21.
Qd6 Re8 22. Bf7 Bxg4 23. Re1 Nf5 24. Qb4 Red8 25. Qxg4 Nh6 26. Qc4 Rac8 27. Qe4
Nxf7 28. Qf3 Rf8 29. b4 b6 30. b5 Rxc2 31. Rxe5 Kg8 32. Qd5 Rc1+ 33. Kg2 h6 34.
Re7 Rc5 35. Qb3 Rf5 36. f3 Kh7 37. Rxa7 Ng5 38. Qa3 Nxf3 39. Re7 Nh4+ 40. Kg3
Rf3+ 41. Qxf3 Nxf3 42. Kf2 Nd4+ 43. Ke3 Nf5+ 44. Ke4 Nxe7 45. a4 Ra8 46. Ke5
Rxa4 47. Ke6 Nf5 0-1

[Event "Challenge"]
[Site "http://www.queenalice.com/game.php?id=663258"]
[Date "2009.10.5"]
[Round "-"]
[White "tonga_corleone"]
[Black "arthurto28"]
[Result "0-1"]
[WhiteElo "1080"]
[BlackElo "1222"]

1. e4 Nf6 2. d4 Nxe4 3. f3 Ng5 4. Bxg5 f6 5. Bc1 d5 6. Nc3 e6 7. Bb5+ c6 8. Ba4
Na6 9. f4 f5 10. Nf3 Bd6 11. Ng5 b5 12. Bb3 h6 13. Qh5+ Kd7 14. Nf7 g6 15. Qxg6
Rg8 16. Qxh6 Bf8 17. Qh7 Rg7 18. Nxd8 Rxh7 19. Nxc6 Kxc6 20. Rf1 Rb8 0-1

[Event "Challenge"]
[Site "http://www.queenalice.com/game.php?id=673641"]
[Date "2009.10.28"]
[Round "-"]
[White "arthurto28"]
[Black "gremista1971"]
[Result "0-1"]
[WhiteElo "1224"]
[BlackElo "1801"]

1. e3 e5 2. Nf3 Nc6 3. e4 Bc5 4. d3 f6 5. c4 d6 6. Nc3 Nge7 7. Nh4 a6 8. Qh5+ g6
9. Qh6 Nd4 10. Kd1 Ne6 11. Nxg6 Nxg6 12. Na4 Bxf2 13. h4 b5 14. cxb5 axb5 15. b3
bxa4 16. Ke2 Bd4 17. Rb1 Qe7 18. bxa4 Rxa4 19. Rb8 Rxa2+ 20. Kd1 Kd7 21. h5 Ba7
22. Rb2 Rxb2 23. Bxb2 Ngf4 24. d4 Bxd4 25. Bb5+ c6 26. Bxd4 cxb5 27. Bc3 Ng5 28.
Rh4 Nxg2 29. Bd2 Nxh4 30. Bxg5 Qf8 31. Qxf8 Rxf8 32. Bh6 Rg8 0-1

[Event "Challenge"]
[Site "http://www.queenalice.com/game.php?id=681078"]
[Date "2009.11.11"]
[Round "-"]
[White "paulofreitas"]
[Black "arthurto28"]
[Result "1-0"]
[WhiteElo "1529"]
[BlackElo "1232"]

1. e4 Nf6 2. Nc3 e5 3. d4 exd4 4. Qxd4 c5 5. Qd1 g6 6. Nf3 d6 7. Bb5+ Bd7 8. Bc4
h5 9. O-O a6 10. Be3 b5 11. Bd3 c4 12. Be2 h4 13. Nxh4 Rxh4 14. Bf3 Nc6 15. a4
b4 16. Nd5 Ng8 17. a5 f5 18. exf5 gxf5 19. Nf4 Bh6 20. g3 Qg5 21. Kh1 Ne5 22.
gxh4 Qf6 23. Rg1 O-O-O 24. b3 cxb3 25. cxb3 Qxh4 26. Rc1+ Kb8 27. Qd4 Nxf3 28.
Qa7# 1-0

[Event "Challenge"]
[Site "http://www.queenalice.com/game.php?id=681079"]
[Date "2009.11.11"]
[Round "-"]
[White "arthurto28"]
[Black "paulofreitas"]
[Result "0-1"]
[WhiteElo "1230"]
[BlackElo "1496"]

1. d3 d5 2. Nc3 e5 3. Nf3 Nc6 4. Bg5 Nf6 5. h4 h6 6. Bxf6 Qxf6 7. Nxd5 Qd6 8. e4
Ne7 9. c3 Nxd5 10. exd5 Qxd5 11. c4 Qd8 12. Nxe5 Bd6 13. Qa4+ c6 14. Nxc6 Qd7
15. c5 Bxc5 16. Qe4+ Qe6 17. Na5 Bd7 18. Rc1 Qxe4+ 19. dxe4 Bb4+ 20. Rc3 Bxa5
21. Kd2 O-O 22. g4 Bxc3+ 23. Kxc3 Bxg4 24. Bh3 Rac8+ 25. Kd3 h5 26. f3 Bxf3 27.
Bxc8 Rd8+ 28. Ke3 Bxh1 29. Bxb7 Re8 30. b4 Rb8 31. a3 Rxb7 32. Kd4 Re7 33. Kc5
Rxe4 34. a4 Rxh4 35. a5 Re4 36. Kb5 h4 37. Ka6 Re7 38. b5 Re6+ 39. b6 axb6 40.
axb6 Re8 0-1

[Event "Challenge"]
[Site "http://www.queenalice.com/game.php?id=687005"]
[Date "2009.11.22"]
[Round "-"]
[White "arthurto28"]
[Black "FENIX_RJ"]
[Result "0-1"]
[WhiteElo "1242"]
[BlackElo "1451"]

1. e3 e5 2. c4 Nf6 3. c5 Bxc5 4. Nf3 d5 5. Nxe5 Ne4 6. Bb5+ c6 7. Ba4 Qf6 8. f4
Qh4+ 9. g3 Qh3 10. d4 Bb4+ 11. Ke2 Qg2+ 12. Kd3 Bf5 13. Qg1 Nf2+ 14. Ke2 Bg4+
15. Nxg4 Qxh1 16. Kxf2 Qxg1+ 17. Kxg1 b5 18. Bc2 Nd7 19. Bd2 c5 20. dxc5 Bxc5
21. Nc3 f5 22. Ne5 Nf6 23. Nxb5 O-O 24. Bxf5 Ne4 25. Be6+ Kh8 26. Bc3 Bxe3+ 27.
Kf1 Rad8 28. Re1 Bc5 29. f5 Ng5 30. Bd2 Nxe6 31. h4 Rxf5+ 32. Bf4 Nxf4 33. gxf4
Rxf4+ 34. Kg2 Rf2+ 35. Kh1 Rdf8 36. Ng4 Rxb2 37. Nc7 h5 38. Ne5 Rff2 39. Nd3
Rh2# 0-1